Karate words - Statistics

General Stats
  • This quiz has been taken 2 times
  • The average score is 2 of 22
Answer Stats
Hint Answer % Correct
Courtesy Using good manners and being kind
100%
Perseverance Never quit
50%
Resilient Able to withstand or recover from difficult conditions. Bounce back
0%
Confidence a feeling of self-assurance because of your past efforts of practicing
0%
Loyalty Always be there when needed a faithful friend
0%
Generosity Always give back to those who are in need
0%
Honesty Always tell the truth
0%
Self reliance Being able to do things by yourself
0%
Focus Concentrate on one activity at a time without getting distracted
0%
Integrity Doing the right thing, even when no one’s watching
0%
Patience Do not expect things to always happen when you want
0%
Humility do not think or act like you’re better or worse than anyone else
0%
Indomitable spirit Don’t give into peer pressure
0%
Self control Don’t let your emotions control your actions, especially anger
0%
Honor Hi respect For someone’s or something’s accomplishments
0%
Motivation Internal decisions sparked by an inspiration to set a goal or change behavior
0%
Accountable Personal responsibility for decisions or actions taken
0%
Commitment Putting all your energy and effort into one activity at a time
0%
Appreciation Show your thankfulness by your words and actions
0%
Discipline Training yourself to habitually do the same thing
0%
Respect Treat others the way you want to be treated
0%
Dependability You can always be trusted because of your past actions
0%
No matching quizzes found
Score Distribution
Percent of People with Each Score
Percentile by Number Answered
Your Score History
You have not taken this quiz